[Event "Catalunya-chA"]
[Site "Spain"]
[Date "1996.11.17"]
[Round "7"]
[White "Perez Diloy, Emilio"]
[Black "Ballesteros Collazos, Sergio"]
[Result "1/2-1/2"]
[WhiteElo "2075"]
[BlackElo "2090"]
[PlyCount "40"]
[EventDate "1997.??.??"]
[EventType "swiss"]
[EventRounds "8"]
[EventCountry "ESP"]
[SourceTitle "EXT 2003"]
[Source "ChessBase"]
[SourceDate "2002.11.25"]
[SourceVersion "1"]
[SourceVersionDate "2002.11.25"]
[SourceQuality "1"]

1. d4 Nf6 2. Nf3 g6 3. Bg5 Bg7 4. Nbd2 c5 5. e3 b6 6. Be2 Bb7 7. c3 0-0 8. 0-0 d6 9. dxc5 bxc5 10. Qc2 h6 11. Bh4 Nbd7 12. Rfe1 Rb8 13. h3 Nh5 14. Nh2 Nhf6 15. Bg3 Nh7 16. Nhf3 Bd5 17. Bc4 Bxc4 18. Nxc4 Nb6 19. Ncd2 Qd7 20. Rab1 Rb7 1/2-1/2

[Event "Catalunya-chA"]
[Site "Spain"]
[Date "1996.10.27"]
[Round "4"]
[White "Garriga Lopez, Jordi"]
[Black "Perez Diloy, Emilio"]
[Result "0-1"]
[WhiteElo "2140"]
[BlackElo "2075"]
[PlyCount "97"]
[EventDate "1997.??.??"]
[EventType "swiss"]
[EventRounds "8"]
[EventCountry "ESP"]
[SourceTitle "EXT 2003"]
[Source "ChessBase"]
[SourceDate "2002.11.25"]
[SourceVersion "1"]
[SourceVersionDate "2002.11.25"]
[SourceQuality "1"]

1. c4 e5 2. g3 d6 3. Bg2 Nc6 4. Nc3 g6 5. e4 Bg7 6. Nge2 Nge7 7. 0-0 0-0 8. d3 a6 9. Be3 Nd4 10. Rb1 Be6 11. Bxd4 exd4 12. Nd5 c6 13. Nxe7+ Qxe7 14. b4 Rab8 15. a4 Rfd8 16. b5 axb5 17. axb5 c5 18. Nf4 Bh6 19. Nd5 Bxd5 20. exd5 Re8 21. Re1 Qxe1+ 22. Qxe1 Rxe1+ 23. Rxe1 Ra8 24. Re7 Rb8 25. b6 Bg5 26. Rd7 Kf8 27. Bh3 Be7 28. f4 Ke8 29. f5 Kxd7 30. fxg6+ f5 31. Bxf5+ Ke8 32. gxh7 Bf6 33. h4 Kf8 34. g4 Kg7 35. g5 Be7 36. Kg2 Rh8 37. Kg3 Re8 38. Kg4 Bf8 39. h5 Re1 40. h6+ Kh8 41. Kh5 Rh1+ 42. Kg6 Be7 43. Bg4 Bd8 44. Kf5 Re1 45. Kg6 Re5 46. Bf5 Bxb6 47. Bc8 Bd8 48. Bxb7 Bxg5 49. Bc8 0-1

[Event "Catalunya-chA"]
[Site "Spain"]
[Date "1996.10.20"]
[Round "3"]
[White "Perez Diloy, Emilio"]
[Black "Garcia Gil, Javier"]
[Result "0-1"]
[WhiteElo "2075"]
[BlackElo "2225"]
[PlyCount "52"]
[EventDate "1997.??.??"]
[EventType "swiss"]
[EventRounds "8"]
[EventCountry "ESP"]
[SourceTitle "EXT 2003"]
[Source "ChessBase"]
[SourceDate "2002.11.25"]
[SourceVersion "1"]
[SourceVersionDate "2002.11.25"]
[SourceQuality "1"]

1. d4 f5 2. Nf3 Nf6 3. Bf4 g6 4. e3 Bg7 5. Nbd2 d6 6. Bc4 e6 7. h3 Qe7 8. c3 Ne4 9. Nxe4 fxe4 10. Bg5 Qf7 11. Nd2 d5 12. Bb3 Nd7 13. Qe2 a5 14. 0-0 h6 15. Bh4 g5 16. Bg3 e5 17. f3 Qh5 18. Bxd5 c6 19. Bxe4 0-0 20. Bc2 Re8 21. Qd3 Nf8 22. Rae1 Qf7 23. f4 gxf4 24. exf4 exd4 25. cxd4 Be6 26. Nf3 Bc4 0-1

[Event "Catalunya-chA"]
[Site "Spain"]
[Date "1996.10.06"]
[Round "1"]
[White "Perez Diloy, Emilio"]
[Black "Salvador Lopez, Daniel"]
[Result "1-0"]
[WhiteElo "2075"]
[BlackElo "2145"]
[PlyCount "95"]
[EventDate "1997.??.??"]
[EventType "swiss"]
[EventRounds "8"]
[EventCountry "ESP"]
[SourceTitle "EXT 2003"]
[Source "ChessBase"]
[SourceDate "2002.11.25"]
[SourceVersion "1"]
[SourceVersionDate "2002.11.25"]
[SourceQuality "1"]

1. d4 d5 2. Nf3 Nf6 3. Bg5 e6 4. e3 Nbd7 5. Nbd2 h6 6. Bh4 Bd6 7. Bd3 0-0 8. Qe2 e5 9. dxe5 Nxe5 10. Nxe5 Bxe5 11. c3 Re8 12. 0-0-0 c5 13. Kb1 c4 14. Nxc4 Qe7 15. Nxe5 Qxe5 16. Bxf6 Qxf6 17. Bc2 Be6 18. Qd3 g6 19. Rd2 Red8 20. h4 Bf5 21. Qd4 Bxc2+ 22. Kxc2 Qf5+ 23. Qd3 Qe6 24. Rh3 Rac8 25. h5 g5 26. Rf3 Rd6 27. Qf5 b5 28. Qxe6 fxe6 29. Rf6 Kg7 30. Rg6+ Kh7 31. Rd4 Rf8 32. f3 a5 33. e4 Rf4 34. e5 Rc6 35. Rxf4 gxf4 36. Rf6 d4 37. Rxf4 dxc3 38. bxc3 Rc5 39. Re4 b4 40. c4 a4 41. f4 Rc7 42. Kd3 Rd7+ 43. Rd4 Rg7 44. c5 Rg3+ 45. Kc4 Rxg2 46. Kxb4 Rxa2 47. c6 Rc2 48. Rd7+ 1-0